Daytime Emmys (Outstanding Drama) Quiz Stats

 Plays Quiz not verified by Sporcle

Challenge
Share
Tweet
Embed
Score 0/45 Timer 04:00
0 Plays Today
Ceremony % Correct
8th (1981)General Hospital
96.4%
11th (1984)General Hospital
96.4%
22nd (1995)General Hospital
96.4%
23rd (1996)General Hospital
96.4%
24th (1997)General Hospital
96.4%
26th (1999)General Hospital
96.4%
27th (2000)General Hospital
96.4%
32nd (2005)General Hospital
96.4%
33rd (2006)General Hospital
96.4%
35th (2008)General Hospital
96.4%
39th (2012)General Hospital
94.8%
43rd (2016)General Hospital
94.8%
41st (2014)The Young and the Restless
92.2%
42nd (2015) *tie*The Young and the Restless
92.2%
5th (1978)Days of Our Lives
89.9%
13th (1986)The Young and the Restless
89.6%
2nd (1975)The Young and the Restless
89.6%
10th (1983)The Young and the Restless
89.6%
12th (1985)The Young and the Restless
89.6%
20th (1993)The Young and the Restless
89.6%
31st (2004)The Young and the Restless
89.6%
19th (1992)All My Children
88.9%
21st (1994)All My Children
88.9%
Ceremony % Correct
25th (1998)All My Children
88.9%
40th (2013)Days of Our Lives
88.3%
42nd (2015) *tie*Days of Our Lives
88.3%
38th (2011)The Bold and the Beautiful
85.7%
36th (2009)The Bold and the Beautiful
85%
7th (1980)Guiding Light
84.4%
9th (1982)Guiding Light
84.4%
14th (1987)As the World Turns
84.4%
18th (1991)As the World Turns
84.4%
28th (2001)As the World Turns
84.4%
30th (2003)As the World Turns
84.4%
34th (2007) *tie*The Young and the Restless
83.4%
29th (2002)One Life to Live
81.8%
34th (2007) *tie*Guiding Light
76.2%
3rd (1976)Another World
67.8%
4th (1977)Ryan's Hope
65.5%
6th (1979)Ryan's Hope
65.5%
15th (1988)Santa Barbara
63.2%
16th (1989)Santa Barbara
63.2%
17th (1990)Santa Barbara
63.2%
37th (2010)The Bold and the Beautiful
61.9%
1st (1974)The Doctors
52.4%

You're not logged in!

Compare scores with friends on all Sporcle quizzes.
Join for Free
OR
Log In

You Might Also Like...

Show Comments

Extras

Top Quizzes Today


Score Distribution

Your Account Isn't Verified!

In order to create a playlist on Sporcle, you need to verify the email address you used during registration. Go to your Sporcle Settings to finish the process.

Report this User

Report this user for behavior that violates our Community Guidelines.

Details: